000 01525cam a22003374i 4500
003 PE-LiUPU
005 20250731184119.0
008 150616s r 000 0 spa d
020 _a9972009459
040 _aPE-LiUPU
_bspa
_cPE-LiUPU
_erda
_dPE-LiUPU
049 _aPRUA
082 0 4 _a860
_bO49
_223
245 1 0 _aOllantay :
_bEl rigor de un padre y la generosidad de un rey /
_cTraducción, estudio y notas por Julio Calvo Pérez
250 _aSegunda edición.
264 1 _aLima :
_bSantillana,
_c2006.
300 _a118 páginas :
_c20 centímetros.
500 _aOtra ed.: 2000
505 0 _aOllantay: Drama quechua - español. el rigor de un padre y la generosidad de un rey -- Personajes de la obra -- Jornada primera, acto primero -- Jornada segunda, Acto segundo -- Jornada tercera. Acto tercero -- Sociedad y cultura de la época -- El autor y la fecha de redacción -- Análisis de la obra -- El teatro barroco en la lengua quechua -- Cronología general.
526 _aP145
526 _aP127
526 _aP97
526 _aP14
526 _aP07
650 0 _aTeatro quechua peruano
_91666
650 0 _aTeatro histórico peruano
_91667
700 _aCalvo Pérez, Julio
_cTraducctor, estudio y notas
_91592
_eTraducctor, estudio y notas
910 _ajck
942 _2ddc
_cBK
_n0
980 _621515
_aDIGNA BRAÑES Analista Documental
_81
_gALBERTO SANCHEZ Responsable de Automatización
999 _c61918
_d61918